| Tag |
First Indicator |
Second Indicator |
Subfields |
| LEADER |
00000cam a2200000 4500 |
| 001 |
in00000079509 |
| 005 |
20151008052858.0 |
| 008 |
730309s1965 nyu b 00000 eng u |
| 010 |
|
|
|a 65011118
|
| 035 |
|
|
|a (OCoLC)00575271
|
| 035 |
|
|
|9 AAH5281AM
|
| 040 |
|
|
|c WSU
|d TXA
|d UtOrBLW
|
| 049 |
|
|
|a TXAM
|c [464282]
|
| 050 |
|
0 |
|a Z105
|b .D4
|
| 092 |
|
|
|a 091.09
|b D485t
|
| 100 |
1 |
|
|a Deuel, Leo.
|
| 245 |
1 |
0 |
|a Testaments of time ;
|b the search for lost manuscripts and records.
|
| 250 |
|
|
|a [1st ed.].
|
| 264 |
|
1 |
|a New York :
|b Knopf,
|c 1965.
|
| 300 |
|
|
|a 590 pages
|
| 336 |
|
|
|a text
|b txt
|2 rdacontent
|
| 337 |
|
|
|a unmediated
|b n
|2 rdamedia
|
| 338 |
|
|
|a volume
|b nc
|2 rdacarrier
|
| 504 |
|
|
|a Bibliography: pages 566-590.
|
| 650 |
|
0 |
|a Manuscripts
|x History.
|
| 650 |
|
0 |
|a Manuscripts
|x Conservation and restoration.
|
| 999 |
|
|
|a MARS
|
| 999 |
f |
f |
|s c797fbcd-b667-3fd5-97ea-3120782962b3
|i ce124ee0-829d-3fac-bb10-50602cf81216
|t 0
|
| 952 |
f |
f |
|p ric
|a Texas A&M University
|b Rellis Campus
|c Joint Library Facility
|d Remote Storage
|t 0
|e Z105 .D4
|h Library of Congress classification
|i unmediated -- volume
|m A14800503526
|
| 998 |
f |
f |
|a Z105 .D4
|t 0
|l Remote Storage
|